000
00198 a2200085 4500
020
_a
978-3836576758
100
_a
Julius Wiedemann
245
_a
Logo Design: Global Brands
260
_b
Taschen America Llc
999
_c
13272
_d
13272